[Event "SC Noris-Tarrasch N 1873 e.V. 4-SG Gunze"]
[Site "?"]
[Date "2012.10.21"]
[Round "2.1"]
[White "Frank, Gerhard"]
[Black "Süß, Stefan"]
[Result "0-1"]
[WhiteElo "1704"]
[BlackElo "1901"]
[PlyCount "104"]
[EventDate "2012.??.??"]
[WhiteTeam "SG Gunzenhausen/Weißenburg 2"]
[BlackTeam "SC Noris-Tarrasch N 1873 e.V. 4"]

1. d4 d5 2. Nf3 Nf6 3. g3 e6 4. Bg2 Be7 5. O-O O-O 6. Nbd2 b6 7. c4 Bb7 8. Qc2
Nbd7 9. Re1 Rc8 10. b3 c5 11. e3 Re8 12. Bb2 dxc4 13. bxc4 cxd4 14. exd4 Qc7
15. Rac1 b5 16. c5 Bd5 17. a4 a6 18. axb5 axb5 19. Qd3 Qb7 20. Nh4 Bxg2 21.
Nxg2 Red8 22. Qb3 Nxc5 23. dxc5 Rxd2 24. Qc3 Rd5 25. Qf3 Qc6 26. Nf4 Rxc5 27.
Qxc6 R5xc6 28. Rxc6 Rxc6 29. Bxf6 Bxf6 30. Rb1 Rb6 31. Kf1 b4 32. Ke2 b3 33.
Nd3 b2 34. Kd2 Kf8 35. Kc2 Ke7 36. Nxb2 Rxb2+ 37. Rxb2 Bxb2 38. Kxb2 Kf6 39.
Kc3 Kf5 40. f3 e5 41. Kd3 Ke6 42. g4 g6 43. Ke4 f5+ 44. gxf5+ gxf5+ 45. Ke3 Kd5
46. Kd3 f4 47. Kd2 Kd4 48. Ke2 Kc3 49. Ke1 Kd3 50. Kf2 Kd2 51. Kf1 Ke3 52. Kg2
Ke2 0-1

[Event "SC Noris-Tarrasch N 1873 e.V. 4-SG Gunze"]
[Site "?"]
[Date "2012.10.21"]
[Round "2.2"]
[White "Mättig, Stefan"]
[Black "Jäger, Peter"]
[Result "1-0"]
[WhiteElo "1983"]
[BlackElo "1702"]
[PlyCount "67"]
[EventDate "2012.??.??"]
[WhiteTeam "SC Noris-Tarrasch N 1873 e.V. 4"]
[BlackTeam "SG Gunzenhausen/Weißenburg 2"]

1. e4 e5 2. Nf3 Nc6 3. Bb5 a6 4. Ba4 Nf6 5. O-O b5 6. Bb3 Be7 7. Re1 d6 8. c3
O-O 9. h3 Na5 10. Bc2 Nd7 11. d4 Bf6 12. Nbd2 Nc6 13. Nf1 Re8 14. Ng3 Nf8 15.
a4 Rb8 16. axb5 axb5 17. Nh5 Bh4 18. d5 g6 19. Ng3 Bxg3 20. fxg3 Ne7 21. Bg5
Kg7 22. Rf1 h6 23. Bf6+ Kh7 24. Nh2 Qd7 25. Bxe5 dxe5 26. Rxf7+ Kg8 27. Qf3 Qd6
28. b4 h5 29. Rf1 Qb6+ 30. Kh1 Bd7 31. Bb3 Kh8 32. Rf6 Qa7 33. d6 Ng8 34. Rxg6
1-0

[Event "SC Noris-Tarrasch N 1873 e.V. 4-SG Gunze"]
[Site "?"]
[Date "2012.10.21"]
[Round "2.3"]
[White "Strobl, Thomas"]
[Black "Süß, Helmut"]
[Result "1/2-1/2"]
[WhiteElo "1683"]
[BlackElo "1917"]
[PlyCount "58"]
[EventDate "2012.??.??"]
[WhiteTeam "SG Gunzenhausen/Weißenburg 2"]
[BlackTeam "SC Noris-Tarrasch N 1873 e.V. 4"]

1. e4 c6 2. d4 d5 3. exd5 cxd5 4. Bb5+ Nc6 5. Nf3 a6 6. Ba4 Bg4 7. c3 e6 8.
Bxc6+ bxc6 9. Bf4 Bxf3 10. Qxf3 Bd6 11. Nd2 Nf6 12. Bxd6 Qxd6 13. O-O O-O 14.
Nb3 Ne4 15. Qe2 Rfb8 16. f3 Nf6 17. Nc5 a5 18. a3 Rb5 19. b4 h6 20. Qe5 Qxe5
21. dxe5 Ne8 22. Kf2 Kf8 23. Ke3 Ke7 24. Kd4 Nc7 25. g3 Rb6 26. Nb3 axb4 27.
axb4 Rba6 28. Rxa6 Rxa6 29. Ra1 Rxa1 1/2-1/2

[Event "SC Noris-Tarrasch N 1873 e.V. 4-SG Gunze"]
[Site "?"]
[Date "2012.10.21"]
[Round "2.4"]
[White "Rausch, Wolfgang sr"]
[Black "Sikorsky, Reinhard"]
[Result "1-0"]
[WhiteElo "1896"]
[BlackElo "1663"]
[PlyCount "79"]
[EventDate "2012.??.??"]
[WhiteTeam "SC Noris-Tarrasch N 1873 e.V. 4"]
[BlackTeam "SG Gunzenhausen/Weißenburg 2"]

1. c4 e5 2. Nc3 Nf6 3. Nf3 Nc6 4. d4 exd4 5. Nxd4 Nxd4 6. Qxd4 d6 7. e4 Be7 8.
Be2 O-O 9. O-O a6 10. Be3 Re8 11. h3 Be6 12. Nd5 Nxd5 13. cxd5 c5 14. dxc6 bxc6
15. Rac1 c5 16. Qa4 Bd7 17. Qc2 Bb5 18. Rfd1 Bxe2 19. Qxe2 Qb6 20. Rc4 a5 21.
Qc2 Rab8 22. b3 h6 23. Rd5 Bf8 24. Qc1 Qc6 25. Qd2 Rb4 26. Qc2 Rxc4 27. Qxc4
Qb6 28. Bd2 Rb8 29. e5 dxe5 30. Rxe5 Rd8 31. Rd5 Rxd5 32. Qxd5 a4 33. bxa4 Qb1+
34. Kh2 Qd1 35. a5 c4 36. Qd4 Qc2 37. a6 Qxa2 38. a7 Qa6 39. Be3 Qb7 40. Qd8
1-0

[Event "SC Noris-Tarrasch N 1873 e.V. 4-SG Gunz"]
[Site "?"]
[Date "2012.10.21"]
[Round "2.6"]
[White "Lenz, Harald"]
[Black "Horndasch, Lulu"]
[Result "1-0"]
[WhiteElo "1770"]
[BlackElo "1583"]
[PlyCount "120"]
[EventDate "2012.??.??"]
[WhiteTeam "SC Noris-Tarrasch N 1873 e.V. 4"]
[BlackTeam "SG Gunzenhausen/Weißenburg 2"]

1. d4 b6 2. Nf3 Bb7 3. e3 d6 4. g3 Nd7 5. Bg2 g6 6. O-O e6 7. b3 Be7 8. Bb2 h5
9. h4 g5 10. hxg5 Bxg5 11. Nxg5 Qxg5 12. Bxb7 Rb8 13. Bg2 h4 14. gxh4 Qxh4 15.
f3 Ngf6 16. Rf2 Nh5 17. Kf1 Ng3+ 18. Ke1 Nf6 19. Nc3 c5 20. Ne4 Nfxe4 21. fxe4
cxd4 22. Bxd4 e5 23. Bb2 Nxe4 24. Bxe4 Qxe4 25. Qf3 Qg6 26. Kd2 Rc8 27. c3 d5
28. Rg2 Qe6 29. Rag1 Kd7 30. Qg4 f5 31. Qg7+ Qe7 32. Ba3 Qxg7 33. Rxg7+ Kc6 34.
R1g2 d4 35. exd4 exd4 36. c4 Rc7 37. Rxc7+ Kxc7 38. Kd3 Rh3+ 39. Kxd4 f4 40.
Rf2 f3 41. Ke3 Kc6 42. Rxf3 Rh2 43. Rf2 Rh3+ 44. Kd2 a6 45. Kc2 b5 46. cxb5+
axb5 47. Rf6+ Kd5 48. Rd6+ Ke4 49. Rd2 Rh5 50. Bd6 Rh3 51. Kb2 Rh5 52. Kc3 Ke3
53. a4 bxa4 54. bxa4 Ra5 55. Ra2 Ke4 56. Kb4 Ra6 57. Bc5 Kd5 58. Kb5 Ra8 59. a5
Rb8+ 60. Bb6 Rg8 1-0

[Event "SC Noris-Tarrasch N 1873 e.V. 4-SG Gunze"]
[Site "?"]
[Date "2012.10.21"]
[Round "2.7"]
[White "Fising, Robert"]
[Black "Bischoff, Hermann"]
[Result "0-1"]
[WhiteElo "1554"]
[BlackElo "1790"]
[PlyCount "34"]
[EventDate "2012.??.??"]
[WhiteTeam "SG Gunzenhausen/Weißenburg 2"]
[BlackTeam "SC Noris-Tarrasch N 1873 e.V. 4"]

1. d4 Nf6 2. c4 e6 3. Nc3 d5 4. e3 Be7 5. Nf3 O-O 6. Be2 Nbd7 7. O-O b6 8. cxd5
Nxd5 9. Nxd5 exd5 10. a3 Nf6 11. b4 Ne4 12. Bb2 Bd6 13. Ne5 f6 14. Nc6 Qe8 15.
Rc1 Bd7 16. b5 f5 17. Ne5 Bxb5 0-1

[Event "SK 1911 Herzogenaurach e.V. 1-SK Neumarkt e.V. 1"]
[Site "?"]
[Date "2012.10.21"]
[Round "2.1"]
[Board "1"]
[White "Mösl, Sebastian"]
[Black "Sattler, Stefan"]
[Result "0-1"]
[WhiteElo "1819"]
[BlackElo "2074"]
[WhiteTeam "SK Neumarkt e.V. 1"]
[BlackTeam "SK 1911 Herzogenaurach e.V. 1"]

1. e4 e6 2. d4 d5 3. Nd2 h6 4. Ngf3 Nf6 5. e5 Nfd7 6. Bd3 c5 7. c3 Nc6 8. Bc2
b6 9. O-O g5 10. Nb1 Qc7 11. Be3 Be7 12. Na3 Ba6 13. Bd3 Bxd3 14. Qxd3 c4 15.
Nb5 Qd8 16. Qe2 a6 17. Nd6+ Bxd6 18. exd6 Nf8 19. Ne5 Qxd6 20. Qh5 Nxe5 21.
dxe5 Qc7 22. f4 gxf4 23. Bxf4 Ng6 24. Bg3 O-O-O 25. a4 Rd7 26. a5 b5 27. Rf3
Rh7 28. Bf2 Qxe5 29. Qg4 h5 30. Qd4 Qxd4 31. Bxd4 Ne7 32. Raf1 Nc6 33. Bb6 Ne5
34. Re3 Ng4 35. Re2 Kb7 36. h3 Nh6 37. Kh2 Nf5 38. Rf4 h4 39. Rd2 Rh5 40. Rg4
e5 41. Kg1 Ne7 42. Rg7 Rf5 43. Rh7 Ng6 44. Bf2 Rf4 45. g3 hxg3 46. Bxg3 Rf5 47.
Bf2 Kc6 48. h4 Nf4 49. Be3 d4 50. Rh6+ f6 51. cxd4 exd4 52. Bxf4 Rxf4 0-1

[Event "SK 1911 Herzogenaurach e.V. 1-SK Neumarkt e.V. 1"]
[Site "?"]
[Date "2012.10.21"]
[Round "2.2"]
[Board "2"]
[White "Bock, Helmar"]
[Black "Simon, Martin"]
[Result "1/2-1/2"]
[WhiteElo "2032"]
[BlackElo "1897"]
[WhiteTeam "SK 1911 Herzogenaurach e.V. 1"]
[BlackTeam "SK Neumarkt e.V. 1"]

1. e4 e5 2. Nf3 Nf6 3. Nxe5 d6 4. Nf3 Nxe4 5. d4 d5 6. Bd3 Be7 7. O-O O-O 8. c4
c6 9. Nc3 Nxc3 10. bxc3 dxc4 11. Bxc4 Bg4 12. Re1 Nd7 13. Bd3 Re8 14. Bf4 Nf8
15. Rb1 b5 16. Be4 Rc8 17. Qc2 Be6 18. Ne5 Bd5 19. Bf5 Be6 20. Be4 Bd5 21. Bf5
Be6 22. Be4 1/2-1/2

[Event "SK 1911 Herzogenaurach e.V. 1-SK Neumarkt e.V. 1"]
[Site "?"]
[Date "2012.10.21"]
[Round "2.3"]
[Board "3"]
[White "Seitner, Ralf"]
[Black "Glitz, Martin"]
[Result "1/2-1/2"]
[WhiteElo "1877"]
[BlackElo "1979"]
[WhiteTeam "SK Neumarkt e.V. 1"]
[BlackTeam "SK 1911 Herzogenaurach e.V. 1"]

1. e4 c6 2. d4 d5 3. Nc3 dxe4 4. Nxe4 Bf5 5. Ng3 Bg6 6. Nf3 Nd7 7. h4 h6 8. h5
Bh7 9. Bd3 Bxd3 10. Qxd3 e6 11. Bf4 Qa5+ 12. Bd2 Bb4 13. c3 Be7 14. Ne4 Ngf6
15. c4 Qc7 16. O-O-O Rd8 17. Rhg1 Nxe4 18. Qxe4 Nf6 19. Qe2 Ng4 20. Ne5 Nxe5
21. dxe5 Bc5 22. Bc3 O-O 23. g4 Rxd1+ 24. Rxd1 Rd8 25. f4 1/2-1/2

[Event "SK 1911 Herzogenaurach e.V. 1-SK Neumarkt e.V. 1"]
[Site "?"]
[Date "2012.10.21"]
[Round "2.4"]
[Board "4"]
[White "Eichstädt, Timm"]
[Black "Kipferl, Wolfgang, Dr."]
[Result "0-1"]
[WhiteElo "1943"]
[BlackElo "1825"]
[WhiteTeam "SK 1911 Herzogenaurach e.V. 1"]
[BlackTeam "SK Neumarkt e.V. 1"]

1. Nf3 g6 2. d4 Bg7 3. e4 d6 4. Bc4 c6 5. O-O Nd7 6. c3 Ngf6 7. Re1 O-O 8. Bg5
Qc7 9. Qc1 e5 10. dxe5 dxe5 11. a4 Nc5 12. Nbd2 Be6 13. Qc2 Nfd7 14. b4 Bxc4
15. Nxc4 f6 16. Be3 Ne6 17. Red1 Rfe8 18. Nd6 Re7 19. Qb3 Kh8 20. Rd3 b6 21. a5
Rb8 22. axb6 axb6 23. Nd2 Bf8 24. f3 Nf4 25. Bxf4 exf4 26. N2c4 b5 27. Na5 c5
28. Qd5 Ne5 29. bxc5 Nxd3 30. Nc6 Nxc5 31. Qxc5 Re6 32. Qd4 Bxd6 33. Ra7 Qxc6
0-1

[Event "SK 1911 Herzogenaurach e.V. 1-SK Neumarkt e.V. 1"]
[Site "?"]
[Date "2012.10.21"]
[Round "2.5"]
[Board "5"]
[White "Brunner, Wolfgang"]
[Black "Trockmann, Rafael"]
[Result "1/2-1/2"]
[WhiteElo "1862"]
[BlackElo "1873"]
[WhiteTeam "SK Neumarkt e.V. 1"]
[BlackTeam "SK 1911 Herzogenaurach e.V. 1"]

1. d4 c5 2. d5 d6 3. c4 e5 4. e4 f5 5. Nc3 Be7 6. Bd3 f4 7. Bd2 Nf6 8. Qb3 Na6
9. Nb5 Nc7 10. O-O-O Bd7 11. Nc3 Rb8 12. a4 b6 13. Nb5 a6 14. Na3 O-O 15. Ne2
Qe8 16. Nc3 Ng4 17. Rdf1 f3 18. g3 Qc8 19. Qd1 Nh6 20. Bxh6 gxh6 21. h4 Bh3 22.
Re1 Ne8 23. Bf1 Bg4 24. Nc2 Nf6 25. Qd2 h5 26. Ne3 Bd7 27. Qc2 Ng4 28. b3 Rf7
29. Bd3 Bf8 30. Kb2 Nh6 31. Ka2 Bg7 32. Rb1 Ng4 33. Nxg4 hxg4 34. Rb2 Qe8 35.
Qd2 Qf8 36. Rhb1 b5 37. Ka1 Bh6 38. Qc2 b4 39. Na2 Qe7 40. Bf1 Bg7 41. Nc1 Bf6
42. Nd3 Rg7 43. Qd2 Be8 44. Ne1 Bg6 45. Bd3 h5 46. Nc2 Kf7 47. Rh1 Kg8 48. Ne3
Kh7 49. Rbb1 Qe8 50. Nd1 Ra7 51. Nb2 Bg7 52. Qc2 Qe7 53. Rbf1 Rf8 54. Ka2 Bh6
55. Re1 Kh8 56. Nd1 Qh7 57. Nb2 Raf7 58. Nd1 Rf6 59. Nb2 Bg7 60. Nd1 Be8 61.
Nb2 Bd7 62. Qd1 Qg6 63. Qc2 Rb8 64. Qd1 Rff8 65. Qc2 Rb6 66. Qd1 Rfb8 67. Bc2
a5 68. Qd3 Qf6 69. Qd1 Bh6 70. Qd3 Rf8 71. Qd1 Be8 72. Bd3 Rb7 73. Qc2 Bg6 74.
Nd1 Qg7 75. Nb2 Be8 76. Qd1 Re7 77. Qc2 Bg6 78. Nd1 Rf6 79. Nb2 Qf8 80. Nd1
Ref7 81. Nb2 Bg7 82. Nd1 Qg8 83. Nb2 Qh7 84. Nd1 Bh6 85. Nb2 Qg7 86. Nd1 Qf8
87. Nb2 Qe7 88. Nd1 Bg7 89. Nb2 Rf8 90. Nd1 1/2-1/2

[Event "SK 1911 Herzogenaurach e.V. 1-SK Neumarkt e.V. 1"]
[Site "?"]
[Date "2012.10.21"]
[Round "2.6"]
[Board "6"]
[White "Wolter, Norbert"]
[Black "Niebler, Andreas"]
[Result "0-1"]
[WhiteElo "1842"]
[BlackElo "1784"]
[WhiteTeam "SK 1911 Herzogenaurach e.V. 1"]
[BlackTeam "SK Neumarkt e.V. 1"]

1. c4 g6 2. Nc3 Bg7 3. d4 d6 4. Nf3 Nf6 5. e4 c6 6. Be2 Qc7 7. O-O Nbd7 8. h3
e5 9. Be3 O-O 10. Qc2 Re8 11. Ne1 Nf8 12. d5 c5 13. Nd3 Qe7 14. a3 h6 15. b4 b6
16. Rfb1 g5 17. b5 Ng6 18. a4 Bb7 19. a5 Qc7 20. axb6 axb6 21. Ra2 Rxa2 22.
Qxa2 Ra8 23. Qb2 Qb8 24. Ra1 Ra7 25. f3 Qa8 26. Rxa7 Qxa7 27. Qa2 Qxa2 28. Nxa2
Nd7 29. Kf2 Bc8 30. Bf1 Bf6 31. g3 Kg7 32. Nc3 Bd8 33. Na4 Ndf8 34. Naxc5 dxc5
35. Nxc5 bxc5 36. Bxc5 Nd7 37. Be3 Bb6 38. Bxb6 Nxb6 39. Ke3 Nd7 40. Kd3 Nc5+
41. Kc3 Nf8 42. Bg2 f6 43. Kb4 Nfd7 44. h4 Kf7 45. Bh3 Ke7 46. Bxd7 Nxd7 47. c5
Nb6 48. cxb6 Bb7 49. Kc5 Kd7 50. Kb4 Kd6 51. Kc4 f5 52. hxg5 hxg5 53. Kb4 g4
54. fxg4 fxe4 55. g5 Kxd5 56. g4 Ke6 57. Kc4 Kf7 58. Kc5 e3 59. Kd6 e2 60. Kc7
Bf3 61. b7 Bxb7 0-1

[Event "SK 1911 Herzogenaurach e.V. 1-SK Neumarkt e.V. 1"]
[Site "?"]
[Date "2012.10.21"]
[Round "2.7"]
[Board "7"]
[White "Junker, Christian"]
[Black "Habermann, Manfred, Dr."]
[Result "1/2-1/2"]
[WhiteElo "1683"]
[BlackElo "1835"]
[WhiteTeam "SK Neumarkt e.V. 1"]
[BlackTeam "SK 1911 Herzogenaurach e.V. 1"]

1. e4 e6 2. d4 d5 3. exd5 exd5 4. Nf3 Nf6 5. Bd3 Bg4 6. O-O Be7 7. h3 Bh5 8.
Bf4 O-O 9. Nbd2 Re8 10. Re1 Nbd7 11. c3 c6 12. Qc2 Bg6 13. Re3 Bxd3 14. Qxd3
Nf8 15. Qe2 Ng6 16. Bh2 Qb6 17. Rb1 Bf8 18. Ne5 Nxe5 19. Bxe5 Nd7 20. f4 f6 21.
Bd6 Rxe3 22. Qxe3 Bxd6 23. Qe6+ Kh8 24. Qxd6 Rd8 25. Re1 Nf8 26. Qe7 Kg8 27.
Nb3 Rd7 28. Qe2 Qc7 29. Nc5 Rd6 30. Qe8 Rd8 31. Qh5 b6 32. Ne6 Nxe6 33. Rxe6
Qd7 34. f5 c5 35. Qe2 Kf8 36. Qh5 Kg8 37. Qe2 Kf8 38. g4 Kf7 39. Qe3 c4 40. g5
Re8 41. g6+ hxg6 42. fxg6+ Kf8 43. Rxe8+ Qxe8 44. Qg3 Ke7 45. h4 Kd7 46. h5 Qh8
47. Qg4+ Kc7 48. Kf2 Qh6 49. Kf3 Kb7 50. Qd7+ Ka6 51. Qxd5 b5 52. b4 cxb3 53.
axb3 Qc1 54. Qc6+ Ka5 55. Qc7+ Ka6 56. b4 Qh1+ 57. Ke3 Qe1+ 58. Kf4 Qh4+ 59.
Kf5 Qh3+ 60. Ke4 Qh1+ 61. Ke3 Qe1+ 62. Kf3 Qh1+ 63. Kg4 f5+ 64. Kg5 Qg2+ 65.
Kxf5 Qxg6+ 66. Kxg6 1/2-1/2

[Event "SK 1911 Herzogenaurach e.V. 1-SK Neumarkt e.V. 1"]
[Site "?"]
[Date "2012.10.21"]
[Round "2.8"]
[Board "8"]
[White "Schoebel, Klaus"]
[Black "Zidar, Zlatko"]
[Result "1/2-1/2"]
[WhiteElo "1574"]
[BlackElo "1669"]
[WhiteTeam "SK 1911 Herzogenaurach e.V. 1"]
[BlackTeam "SK Neumarkt e.V. 1"]

1. e4 c5 2. Nf3 Nc6 3. d4 cxd4 4. Nxd4 e5 5. Nf3 Bc5 6. Bc4 Nf6 7. Nc3 O-O 8.
O-O a6 9. Bg5 h6 10. Bh4 b5 11. Bb3 Be7 12. Bxf6 Bxf6 13. Nd5 d6 14. Qd2 Ra7
15. Rad1 Rd7 16. Rfe1 g5 17. Ne3 Ne7 18. Ng4 Bg7 19. h4 h5 20. Ngh2 g4 21. Ng5
Nc6 22. c3 Na5 23. Bd5 Bb7 24. f4 Bxd5 25. exd5 Nc4 26. Qc2 f5 27. Ne6 Qb6+ 28.
Kh1 Rf6 29. fxe5 dxe5 30. Nxg7 Kxg7 31. Nf1 Qc7 32. Ng3 Kg6 33. Qc1 f4 34. Qc2+
Kf7 35. Qh7+ Kf8 36. Qh8+ Ke7 37. Nxh5 Rf7 38. b3 Ne3 39. d6+ Rxd6 40. Qxe5+
Kd7 41. Rxd6+ Qxd6 42. Qxd6+ Kxd6 43. Nxf4 Nf5 44. Re6+ Kd7 45. Rxa6 Ng3+ 46.
Kh2 Nf1+ 47. Kg1 Rxf4 48. a4 g3 49. axb5 Nd2 50. Ra1 Nxb3 51. Rb1 Nc5 52. Rd1+
Kc7 53. Rd4 Ne4 54. h5 Nxc3 55. Rxf4 Ne2+ 56. Kf1 1/2-1/2

[Event "SG Siemens Erlangen e.V. 1-SG BÃ¼chenbach"]
[Site "?"]
[Date "2012.10.21"]
[Round "2.1"]
[White "RoÃŸ, Thomas"]
[Black "Wohlfahrt, Frank"]
[Result "1-0"]
[WhiteElo "1989"]
[BlackElo "1976"]
[PlyCount "79"]
[EventDate "2012.??.??"]
[WhiteTeam "SG BÃ¼chenbach/Roth e.V. 2"]
[BlackTeam "SG Siemens Erlangen e.V. 1"]

1. c4 e5 2. Nc3 d6 3. g3 Be6 4. Bg2 c6 5. d3 Nd7 6. Rb1 Ngf6 7. Nf3 h6 8. b4 a6
9. a4 d5 10. Nd2 Be7 11. O-O O-O 12. b5 axb5 13. axb5 Qc7 14. Bb2 d4 15. Nce4
Ne8 16. bxc6 bxc6 17. Nb3 Ra2 18. Nc1 Ra7 19. e3 f5 20. Nd2 dxe3 21. fxe3 Nd6
22. Qc2 Bf6 23. Ne2 Rd8 24. e4 Nc5 25. d4 Ndxe4 26. Nxe4 Nxe4 27. Bxe4 fxe4 28.
Qxe4 Bxc4 29. dxe5 Bd3 30. Qg4 Bg5 31. Rbd1 Rb7 32. Bc3 c5 33. Rxd3 Rxd3 34.
Qe6+ Kh7 35. Qf5+ Kg8 36. Qe6+ Kh7 37. Qf5+ Kg8 38. Qxd3 Qe7 39. Qd5+ Kh8 40.
Nf4 1-0

[Event "SG Siemens Erlangen e.V. 1-SG BÃ¼chenbach"]
[Site "?"]
[Date "2012.10.21"]
[Round "2.5"]
[White "Classen, Andrej"]
[Black "Kirsch, Heinrich"]
[Result "0-1"]
[WhiteElo "1841"]
[BlackElo "1795"]
[PlyCount "116"]
[EventDate "2012.??.??"]
[WhiteTeam "SG BÃ¼chenbach/Roth e.V. 2"]
[BlackTeam "SG Siemens Erlangen e.V. 1"]

1. e4 e5 2. Bc4 d6 3. Nc3 Nf6 4. d3 Be6 5. Bb3 Nc6 6. Nge2 Be7 7. O-O O-O 8.
Nd5 Na5 9. Nxe7+ Qxe7 10. Bxe6 fxe6 11. f4 Nd7 12. Be3 c5 13. Qd2 Nc6 14. c3
Nf6 15. Ng3 Ng4 16. fxe5 Rxf1+ 17. Rxf1 Nxe3 18. Qxe3 Nxe5 19. h3 Rf8 20. Rxf8+
Kxf8 21. d4 Nc4 22. Qf4+ Qf6 23. Qxf6+ gxf6 24. b3 Ne3 25. Ne2 cxd4 26. cxd4
Nc2 27. Kf2 Nb4 28. Nc3 Ke7 29. d5 Nd3+ 30. Ke3 Nc5 31. g4 a6 32. b4 Nd7 33. a4
h6 34. b5 a5 35. Kf4 Nc5 36. Kg3 e5 37. Kh4 Kf7 38. Kh5 Kg7 39. h4 Nd3 40. g5
Nf4+ 41. Kg4 fxg5 42. hxg5 h5+ 43. Kf5 b6 44. Nd1 h4 45. Kg4 h3 46. Kg3 Kg6 47.
Ne3 Ne2+ 48. Kxh3 Nc3 49. Nc4 Nxa4 50. Nxd6 Kxg5 51. Kg3 Nc3 52. Kf3 a4 53. Nc4
Nxb5 54. Ke3 a3 55. d6 Kf6 56. Nxe5 a2 57. d7 Ke7 58. d8=B+ Kxd8 0-1

[Event "SG Siemens Erlangen e.V. 1-SG BÃ¼chenbach"]
[Site "?"]
[Date "2012.10.21"]
[Round "2.3"]
[White "Muskat, Gunter"]
[Black "PÃ¶lsterl, Hans"]
[Result "1-0"]
[WhiteElo "1876"]
[BlackElo "1871"]
[PlyCount "129"]
[EventDate "2012.??.??"]
[WhiteTeam "SG BÃ¼chenbach/Roth e.V. 2"]
[BlackTeam "SG Siemens Erlangen e.V. 1"]

1. c4 Nf6 2. g3 g6 3. Bg2 Bg7 4. Nc3 d6 5. e4 O-O 6. Nge2 e5 7. O-O Be6 8. d3
Na6 9. h3 Qd7 10. Kh2 c6 11. Bg5 h6 12. Be3 d5 13. exd5 cxd5 14. d4 exd4 15.
Nxd4 Nc7 16. Nxe6 fxe6 17. Qd3 Qf7 18. Rad1 a6 19. Bb6 dxc4 20. Qxc4 Ncd5 21.
Nxd5 exd5 22. Rxd5 Rac8 23. Qb3 Kh8 24. Rd3 Qe7 25. Ba5 Qe2 26. Bb4 Rfe8 27.
Rf3 Qc4 28. Qxc4 Rxc4 29. Bc3 Rf8 30. Re1 Rc7 31. Re6 Rcf7 32. Rfe3 Rd7 33. Re7
Rf7 34. Rxd7 Rxd7 35. Re6 Rf7 36. Rb6 Nh5 37. Bxg7+ Kxg7 38. Rxb7 Rxb7 39. Bxb7
a5 40. Kg2 Nf6 41. Bc6 Kf7 42. Kf3 Ke6 43. h4 Kd6 44. Bb5 g5 45. hxg5 hxg5 46.
Bd3 Ke5 47. Bc2 Nd5 48. Kg4 Kf6 49. Bb3 Nb4 50. Bc4 Nc6 51. f4 gxf4 52. Kxf4
Nb4 53. g4 Nc6 54. g5+ Kg6 55. Bd3+ Kg7 56. g6 Nb4 57. Bb1 Nd5+ 58. Ke5 Nb6 59.
Kd4 Na4 60. b3 Nb2 61. Kc5 Nd1 62. a4 Nc3 63. Bc2 Na2 64. Kb6 Nb4 65. Bb1 1-0

[Event "SG Siemens Erlangen e.V. 1-SG BÃ¼chenbach"]
[Site "?"]
[Date "2012.10.21"]
[Round "2.4"]
[White "Krisin, Joachim"]
[Black "Classen, Anton"]
[Result "1-0"]
[WhiteElo "1839"]
[BlackElo "1817"]
[PlyCount "99"]
[EventDate "2012.??.??"]
[WhiteTeam "SG Siemens Erlangen e.V. 1"]
[BlackTeam "SG BÃ¼chenbach/Roth e.V. 2"]

1. b3 e5 2. Bb2 d6 3. e3 g6 4. f4 Qh4+ 5. g3 Qe7 6. Nf3 Bg7 7. fxe5 dxe5 8. Bg2
c6 9. O-O f5 10. Ba3 Qd8 11. Nc3 e4 12. Ne1 Nh6 13. Rc1 Qa5 14. Nb1 Bd7 15. c4
Na6 16. d3 exd3 17. Nxd3 O-O-O 18. b4 Qc7 19. b5 Nb8 20. Qa4 Be6 21. Nf4 Rhe8
22. Qxa7 Bg8 23. Bc5 Qf7 24. Qa8 Be5 25. bxc6 bxc6 26. Bxc6 Bxf4 27. Bxe8 Qc7
28. Qa7 Rxe8 29. gxf4 Qc6 30. Nd2 Ng4 31. Rb1 Nd7 32. Bd4 Kd8 33. Qb7 Qa4 34.
Qb3 Qa5 35. Nf3 Qa6 36. Rbc1 Kc7 37. Ne5 Ngxe5 38. fxe5 Nxe5 39. Bxe5+ Rxe5 40.
Rf2 Qa7 41. Qc3 Rxe3 42. Qg7+ Kb6 43. Qxa7+ Kxa7 44. Rb2 Re7 45. c5 Rc7 46. Rc3
Rc6 47. Ra3+ Ra6 48. Rxa6+ Kxa6 49. c6 Be6 50. c7 1-0

[Event "SG Siemens Erlangen e.V. 1-SG BÃ¼chenbach"]
[Site "?"]
[Date "2012.10.21"]
[Round "2.7"]
[White "RoÃŸ, Sandra"]
[Black "Reiner, Heinrich"]
[Result "1-0"]
[WhiteElo "1709"]
[BlackElo "1731"]
[PlyCount "69"]
[EventDate "2012.??.??"]
[WhiteTeam "SG BÃ¼chenbach/Roth e.V. 2"]
[BlackTeam "SG Siemens Erlangen e.V. 1"]

1. e4 c5 2. Nc3 Nc6 3. f4 d6 4. Nf3 e6 5. Bb5 Bd7 6. d3 Qc7 7. O-O Nf6 8. Bxc6
Bxc6 9. Qe1 Be7 10. a4 a6 11. Bd2 O-O 12. Qg3 b5 13. f5 Nh5 14. Qh3 b4 15. Ne2
g6 16. fxe6 f6 17. g4 Ng7 18. Bh6 d5 19. exd5 Bxd5 20. Nf4 Rfd8 21. Nxd5 Rxd5
22. Rae1 Re8 23. Kh1 Qc6 24. Bxg7 Kxg7 25. Kg1 Qxa4 26. Ne5 Qxc2 27. Rf2 Qb3
28. g5 f5 29. Qh6+ Kg8 30. Nxg6 Qxd3 31. Nxe7+ Rxe7 32. Qf6 Qd4 33. Qxe7 f4 34.
Qf7+ Kh8 35. Qf8# 1-0

[Event "SG Siemens Erlangen e.V. 1-SG BÃ¼chenbach"]
[Site "?"]
[Date "2012.10.21"]
[Round "2.8"]
[White "Avdic, Klaudio"]
[Black "MÃ¼ller, Maximilian"]
[Result "0-1"]
[WhiteElo "1655"]
[BlackElo "1797"]
[PlyCount "92"]
[EventDate "2012.??.??"]
[WhiteTeam "SG Siemens Erlangen e.V. 1"]
[BlackTeam "SG BÃ¼chenbach/Roth e.V. 2"]

1. d4 d5 2. Nf3 Nf6 3. Bg5 Bf5 4. e3 Ne4 5. Bf4 e6 6. Nbd2 Bb4 7. c3 Bd6 8.
Qa4+ Qd7 9. Qb3 Nxd2 10. Nxd2 b6 11. Bb5 c6 12. Bxd6 Qxd6 13. Be2 Nd7 14. a4
O-O 15. O-O e5 16. dxe5 Nxe5 17. Nf3 Bg4 18. Qd1 Rfe8 19. Nd4 Bxe2 20. Qxe2 Qg6
21. Rad1 Re7 22. Nf3 Nxf3+ 23. Qxf3 Qc2 24. Rb1 Qxa4 25. Rfd1 Qe4 26. Qxe4 Rxe4
27. Kf1 a5 28. Ke2 Rae8 29. Rd3 R8e6 30. b3 Kf8 31. f3 Rh4 32. h3 Ke7 33. Kf2
Rh5 34. Rbd1 Rhe5 35. R1d2 f5 36. g3 g5 37. f4 gxf4 38. gxf4 Re4 39. Re2 b5 40.
Rd4 Kd6 41. b4 axb4 42. cxb4 Rxd4 43. exd4 Re4 44. Rxe4 dxe4 45. Ke2 Kd5 46.
Ke3 Kc4 0-1

[Event "SG Siemens Erlangen e.V. 1-SG BÃ¼chenbach"]
[Site "?"]
[Date "2012.10.21"]
[Round "2.6"]
[White "Balhar, Rudolf"]
[Black "SchÃ¶nberger, Andreas"]
[Result "1/2-1/2"]
[WhiteElo "1834"]
[BlackElo "1815"]
[PlyCount "52"]
[EventDate "2012.??.??"]
[WhiteTeam "SG Siemens Erlangen e.V. 1"]
[BlackTeam "SG BÃ¼chenbach/Roth e.V. 2"]

1. e4 c5 2. Nc3 Nc6 3. g3 g6 4. Bg2 Bg7 5. d3 Nf6 6. Be3 d6 7. h3 O-O 8. Nge2
e5 9. Qd2 Rb8 10. a4 Nd4 11. Nb5 a6 12. Nbxd4 cxd4 13. Bh6 Bd7 14. Bxg7 Kxg7
15. O-O Qb6 16. c3 dxc3 17. bxc3 Qa5 18. Qa2 Be6 19. Qa3 d5 20. exd5 Bxd5 21.
Bxd5 Qxd5 22. d4 Qf3 23. dxe5 Qxe2 24. exf6+ Kxf6 25. Rfe1 Qc4 26. Re3 Rfe8
1/2-1/2

[Event "SG Siemens Erlangen e.V. 1-SG BÃ¼chenbach"]
[Site "?"]
[Date "2012.10.21"]
[Round "2.2"]
[White "Fett, Helmut"]
[Black "Ludwig, Michael"]
[Result "1/2-1/2"]
[WhiteElo "1769"]
[BlackElo "1860"]
[PlyCount "71"]
[EventDate "2012.??.??"]
[WhiteTeam "SG Siemens Erlangen e.V. 1"]
[BlackTeam "SG BÃ¼chenbach/Roth e.V. 2"]

1. c4 e5 2. g3 Nf6 3. Bg2 Be7 4. Nc3 O-O 5. Nf3 Nc6 6. O-O d6 7. d4 exd4 8.
Nxd4 Bd7 9. b3 Nxd4 10. Qxd4 Bc6 11. Bb2 Bxg2 12. Kxg2 c6 13. Rfd1 Qc7 14. Rac1
Rfd8 15. e3 a6 16. Ne4 d5 17. cxd5 Ne8 18. Qc4 Qa5 19. Nc3 Bf6 20. dxc6 bxc6
21. Rxd8 Rxd8 22. Qxc6 Qf5 23. Na4 Be7 24. Rd1 Nd6 25. Qf3 Qc2 26. Rc1 Qd2 27.
Qg4 Ne8 28. Rc8 Rxc8 29. Qxc8 Qd5+ 30. f3 Qd2+ 31. Kh3 Kf8 32. Qc3 Qf2 33. Qd3
Qxf3 34. Qxh7 Qf1+ 35. Kg4 Qe2+ 36. Kh3 1/2-1/2

[Event "SC Uttenreuth e.V. 1-SG SC Mühldorf/SK S"]
[Site "?"]
[Date "2012.12.05"]
[Round "2.1"]
[White "Ahmels, Christian"]
[Black "Spiegelhauer, Tilmann"]
[Result "0-1"]
[WhiteElo "2065"]
[BlackElo "1847"]
[PlyCount "80"]
[EventDate "2012.??.??"]
[WhiteTeam "SG SC Mühldorf/SK Schwabach 1"]
[BlackTeam "SC Uttenreuth e.V. 1"]

1. e4 e6 2. d4 d5 3. Nc3 Nf6 4. Bg5 Bb4 5. e5 h6 6. exf6 hxg5 7. fxg7 Rg8 8.
Qf3 Nc6 9. O-O-O Rxg7 10. Nge2 g4 11. Qe3 Qg5 12. h4 gxh3 13. f4 Qd8 14. Rxh3
Ne7 15. Ng3 Bxc3 16. bxc3 Qd6 17. f5 Rg8 18. Bd3 Bd7 19. f6 Nc6 20. Bh7 Qa3+
21. Kd2 Na5 22. Ke2 Rf8 23. Nf5 O-O-O 24. Ne7+ Kb8 25. Kf2 Nc6 26. Qg5 Rde8 27.
Nxc6+ Bxc6 28. Qe5 Qxa2 29. Rg3 Ba4 30. Rd2 Qc4 31. Re2 Bb5 32. Bd3 Qc6 33.
Ree3 Bxd3 34. Rxd3 a5 35. Rd1 Qc4 36. Ra1 a4 37. Ra3 Rg8 38. Rg7 Rgf8 39. Qh5
Qb5 40. Rxf7 Qb2 0-1